000 00912nam a22002297a 4500
999 _c63952
_d63952
003 Ge_BSU
005 20260226160032.0
008 260226s1998 eng||||| |||| 00| 0 eng d
020 _a9780801485299x
041 _ageo
080 _a338(09)](520) P-40
100 _aPempel, T. J.
_926995
245 _aRegime shift :
_bcomparative dynamics of the Japanese political economy /
_cT. J. Pempel.
264 _aLondon :
_bCornell Univ. press,
_c1998.
300 _a263 p. ;
_b 24 cm.
490 _aCornell studies in political economy
500 _aBibliogr. notes: p. 221-256.
653 _aიაპონიის ეკონომიკური პოლიტიკა
653 _aიაპონიის ეკონომიკური მდგომარეობა
653 _aიაპონიის ეკონომიკის ისტორია
942 _2udc
_cᲬᲘᲒᲜᲘ